MARC details
| 000 -LEADER |
| fixed length control field |
02253cam a22004577i 4500 |
| 001 - CONTROL NUMBER |
| control field |
21110458 |
| 003 - CONTROL NUMBER IDENTIFIER |
| control field |
CSPC |
| 005 - DATE AND TIME OF LATEST TRANSACTION |
| control field |
20250120123213.0 |
| 008 - FIXED-LENGTH DATA ELEMENTS--GENERAL INFORMATION |
| fixed length control field |
190731s2019 enka 000 0 eng d |
| 010 ## - LIBRARY OF CONGRESS CONTROL NUMBER |
| LC control number |
2019286319 |
| 015 ## - NATIONAL BIBLIOGRAPHY NUMBER |
| National bibliography number |
GBB942714 |
| Source |
bnb |
| 016 7# - NATIONAL BIBLIOGRAPHIC AGENCY CONTROL NUMBER |
| Record control number |
019282213 |
| Source |
Uk |
| 020 ## - INTERNATIONAL STANDARD BOOK NUMBER |
| International Standard Book Number |
9781782217008 |
| Qualifying information |
(pbk.) |
| 020 ## - INTERNATIONAL STANDARD BOOK NUMBER |
| International Standard Book Number |
1782217002 |
| 035 ## - SYSTEM CONTROL NUMBER |
| System control number |
(OCoLC)on1090434566 |
| 040 ## - CATALOGING SOURCE |
| Original cataloging agency |
UKMGB |
| Language of cataloging |
eng |
| Transcribing agency |
UKMGB |
| Description conventions |
rda |
| Modifying agency |
OCLCO |
| -- |
OCLCF |
| -- |
JAS |
| -- |
GO3 |
| -- |
ZQP |
| -- |
NZAUC |
| -- |
DLC |
| -- |
CSPC |
| 041 1# - LANGUAGE CODE |
| Language code of text/sound track or separate title |
eng |
| Language code of original |
fre |
| 042 ## - AUTHENTICATION CODE |
| Authentication code |
lccopycat |
| 050 00 - LIBRARY OF CONGRESS CALL NUMBER |
| Classification number |
TT879.B3 |
| Item number |
B4413 2019 |
| 082 04 - DEWEY DECIMAL CLASSIFICATION NUMBER |
| Classification number |
746.412 |
| Edition number |
23 |
| Item number |
B394b |
| 100 1# - MAIN ENTRY--PERSONAL NAME |
| Personal name |
Bégot, Sylvie, |
| Relator term |
author. |
| 240 10 - UNIFORM TITLE |
| Uniform title |
Vannerie creative. |
| Language of a work |
English |
| 245 10 - TITLE STATEMENT |
| Title |
Basketweaving for beginners / |
| Statement of responsibility, etc. |
Sylvie Begot. |
| 246 1# - VARYING FORM OF TITLE |
| Display text |
Subtitle on cover: |
| Title proper/short title |
20 contemporary and classic basketweaving projects using natural cane |
| 246 1# - VARYING FORM OF TITLE |
| Display text |
Original French title: |
| Title proper/short title |
Vannerie creative |
| 264 #1 - PRODUCTION, PUBLICATION, DISTRIBUTION, MANUFACTURE, AND COPYRIGHT NOTICE |
| Place of production, publication, distribution, manufacture |
Tunbridge Wells : |
| Name of producer, publisher, distributor, manufacturer |
Search Press, |
| Date of production, publication, distribution, manufacture, or copyright notice |
2019. |
| 300 ## - PHYSICAL DESCRIPTION |
| Extent |
127 pages : |
| Other physical details |
colour illustrations ; |
| Dimensions |
26 cm. |
| 336 ## - CONTENT TYPE |
| Content type term |
text |
| Source |
rdacontent |
| 337 ## - MEDIA TYPE |
| Media type term |
unmediated |
| Source |
rdamedia |
| 338 ## - CARRIER TYPE |
| Carrier type term |
volume |
| Source |
rdacarrier |
| 500 ## - GENERAL NOTE |
| General note |
"Original French title: Vannerie creative, ©2016 Groupe Eyrolles, Paris, France."--Title page verso. |
| 505 0# - FORMATTED CONTENTS NOTE |
| Formatted contents note |
Essential rules & advice -- Techniques -- Projects -- Bags & bangles -- For the kitchen -- For children -- For the garden -- For the home. |
| 520 ## - SUMMARY, ETC. |
| Summary, etc. |
Create twenty practical and stunning basketry projects for your home and garden. Author Sylvie Begot uses coloured cane to bring this enduring, traditional craft right up to date. She uses simple techniques that are clearly explained through step-by-step photographs and instructions. Anyone can create one of these basketry projects no special skills are required, and the baskets can be made at home. |
| 650 #0 - SUBJECT ADDED ENTRY--TOPICAL TERM |
| Topical term or geographic name entry element |
Basket making. |
| 650 #7 - SUBJECT ADDED ENTRY--TOPICAL TERM |
| Topical term or geographic name entry element |
Basket making. |
| Source of heading or term |
fast |
| Authority record control number or standard number |
(OCoLC)fst00828196 |
| 700 1# - ADDED ENTRY--PERSONAL NAME |
| Personal name |
Carslake, Paul, |
| Relator term |
translator. |
| 906 ## - LOCAL DATA ELEMENT F, LDF (RLIN) |
| a |
7 |
| b |
cbc |
| c |
copycat |
| d |
2 |
| e |
ncip |
| f |
20 |
| g |
y-gencatlg |
| 942 ## - ADDED ENTRY ELEMENTS (KOHA) |
| Source of classification or shelving scheme |
Dewey Decimal Classification |
| Suppress in OPAC |
No |
| Koha item type |
Books |
| Edition |
23 |
| Classification part |
746.412 |
| Item part |
B394b |
| Call number prefix |
CIR |
| Call number suffix |
2019 |